Marketing estratégico (Registro nro. 5179)
[ vista simple ]
| 000 -Cabecera | |
|---|---|
| Campo de control de longitud fija | 01447aam a2200469 4500 |
| 005 - Fecha y hora de la última transacción | |
| Campo de control | 20260211162632.0 |
| 008 - Elementos de longitud fija--Información general | |
| Campo de control de longitud fija | 150507b xxu||||| |||| 00| 0 spa d |
| 020 ## - International Standard Book Number | |
| Número Internacional Estándar del Libro (ISBN) | 9788448156558 |
| 041 ## - Idioma | |
| Código de idioma | Español |
| 082 ## - Clasificación Decimal Dewey | |
| Número de clasificación | 658.8 C898m8 |
| 100 ## - Entrada principal--Autor personal | |
| Nombre personal | Cravens, David |
| 9 (RLIN) | 35292 |
| 100 ## - Entrada principal--Autor personal | |
| Nombre personal | Percy, Nigel |
| 9 (RLIN) | 35293 |
| 245 ## - Título propiamente dicho | |
| Título | Marketing estratégico |
| 250 ## - Edición | |
| Mención de edición | 8 edición |
| 260 ## - Pie de imprenta | |
| Lugar de publicación, distribución, etc. | España |
| 260 ## - Pie de imprenta | |
| Nombre del editor, distribuidor, etc. | McGraw-Hill |
| 260 ## - Pie de imprenta | |
| Fecha de publicación, distribución, etc. | 2007 |
| 300 ## - Descripción física | |
| Extensión | 603 páginas |
| 490 ## - Serie | |
| Título de la Serie | Dirección y Administración de Empresas |
| 505 ## - Nota de contenido | |
| Nota de contenido | Parte I. Marketing estratégico.<br/>Parte II. Mercados, segmentos .<br/>Parte III. Diseño de las estrategias orientadas al mercado.<br/>Parte IV. Implementación y control de las estrategias impulsadas por el mercado.<br/>Parte V. Casos |
| 650 ## - Materia general | |
| Temática (materia general) | GERENCIA DE MERCADOS |
| 650 ## - Materia general | |
| Temática (materia general) | MARKETING |
| 650 ## - Materia general | |
| Temática (materia general) | MERCADOS |
| 650 ## - Materia general | |
| Temática (materia general) | ESTRATEGIAS |
| 650 ## - Materia general | |
| Temática (materia general) | MARKETING ESTRATEGICO |
| 650 ## - Materia general | |
| Temática (materia general) | SEGMENTOS |
| 650 ## - Materia general | |
| Temática (materia general) | CONSUMIDOR |
| 650 ## - Materia general | |
| Temática (materia general) | ESTRATEGIA CORPORATIVA |
| 650 ## - Materia general | |
| Temática (materia general) | RELACIONES ESTRATEGICAS |
| 650 ## - Materia general | |
| Temática (materia general) | PLANIFICACIÓN DE PRODUCTOS |
| 650 ## - Materia general | |
| Temática (materia general) | SEGMENTACIÓN ESTRATÉGICA |
| 650 ## - Materia general | |
| Temática (materia general) | PRECIOS |
| 650 ## - Materia general | |
| Temática (materia general) | PUBLICIDAD |
| 650 ## - Materia general | |
| Temática (materia general) | VENTAS |
| 650 ## - Materia general | |
| Temática (materia general) | PROMOCIÓN |
| 650 ## - Materia general | |
| Temática (materia general) | IMPLEMENTACIÓN DE MERCADOS |
| 650 ## - Materia general | |
| Temática (materia general) | DISEÑO DE ESTRATEGIAS |
| 650 ## - Materia general | |
| Temática (materia general) | ESTRATEGIAS DE PERSONAL DE VENTAS |
| 650 ## - Materia general | |
| Temática (materia general) | INTERNET |
| 650 ## - Materia general | |
| Temática (materia general) | MARKETING DIRECTO |
| 942 ## - Punto de acceso adicional KOHA | |
| Tipo de ítem KOHA | Libro |
| Fuente del sistema de clasificación o colocación | Dewey Decimal Classification |
| Signatura completa | Código de barras | Programa Académico | Tipo de ítem |
|---|---|---|---|
| 658.8 C898m8 | 14171 | Dirección y Administración de Empresas | Libro |